000 00997nam a2200241 a 4500
001 49389
003 BD-RjUL
005 20211209054656.0
008 160820s1978 ii ||||| |||| 00| 0 ben d
020 _c: Tk. 8.00
035 _a(BD-RjUL)49508
040 _aBD-RjUL
_bben
_cBD-RjUL
041 _aben
082 _223
_a891.441409
_bRAR 1978
100 1 _aরায়, সুবিনয়
_9148266
245 1 0 _aরবীন্দ্রসংগীত সাধনা
250 _a৩য় সংশোধিত ও পরিবর্ধিত সং.
260 _aকলকাতা :
_bএ মুখার্জী এন্ড কোং লি.,
_c১৯৭৮
300 _a১১৯ পৃ. ;
_c১৮ সেমি.
600 _aঠাকুর, রবীন্দ্রনাথ ১৮৬১-১৯৪১
_cসমালোচনা ও ব্যাখ্যা
_9148273
600 _aTagore, Rabindranath 1861-1941
_c Criticism and interpretation
_9148274
942 _2ddc
_cBK
999 _c49389
_d49389